00220 a2200097 450000100060000008200150000610000160002124500370003726000310007450000170010576246 a910.02 DAS aDasgufta, A aPrinciples of Physical Geography aNew DelhibS, Chand and Co aCFT Textbook